| 000 | 01050cam a22003131a 4500 | ||
|---|---|---|---|
| 001 | gs 54000267 | ||
| 003 | DLC | ||
| 005 | 20260227111402.0 | ||
| 008 | 790801s1954 dcuab b f001 0 eng c | ||
| 010 | _ags 54000267 | ||
| 035 | _a(OCoLC)5231529 | ||
| 040 |
_aU.S. Geol. Survey. Libr. _cOCl _dDNAL _dDLC |
||
| 043 | _an-us-wy | ||
| 050 | 0 | 0 |
_aTC801 _b.U2 no. 1261 |
| 051 |
_aQE699 _b.L4 |
||
| 070 | 0 |
_a407 _bG29W no.1261 |
|
| 082 |
_a551.79 _a551.78* |
||
| 100 | 1 |
_aLeopold, Luna B. _q(Luna Bergere), _d1915-2006. |
|
| 245 | 1 | 2 |
_aA postglacial chronology for some alluvial valleys in Wyoming / _cby Luna B. Leopold and John P. Miller. |
| 260 |
_aWashington, D.C. : _bU.S. G.P.O., _c1954. |
||
| 300 |
_avi, 90 p. : _bill., maps ; _c24 cm. |
||
| 440 | 0 |
_aGeological Survey water-supply paper ; _v1261 |
|
| 504 | _aBibliography: p. 86-87. | ||
| 500 | _aIncludes index. | ||
| 650 | 0 |
_aGeology _zWyoming. |
|
| 650 | 0 |
_aGeology, Stratigraphic _yQuaternary. |
|
| 650 | 0 |
_aErosion _zWyoming. |
|
| 700 | 1 |
_aMiller, John P. _q(John Preston), _d1923-1961. |
|
| 999 |
_c28896 _d28896 |
||